Best Athlete By Number - Statistics

General Stats
  • This quiz has been taken 84 times
  • The average score is 20 of 101
Answer Stats
# Sport Athlete % Correct
99 Hockey Wayne Gretzky
73%
23 Basketball Michael Jordan
72%
12 Football Tom Brady
71%
6 Basketball LeBron James
69%
3 Baseball Babe Ruth
64%
8 Basketball Kobe Bryant
57%
32 Basketball Magic Johnson
55%
48 Racing Jimmie Johnson
51%
51 Baseball Randy Johnson
51%
10 Soccer Pelé
49%
33 Basketball Kareem Abdul-Jabbar
47%
34 Basketball Shaquille O’Neal
47%
87 Hockey Sidney Crosby
44%
18 Football Peyton Manning
41%
17 Hockey Jari Kurri
40%
30 Basketball Stephen Curry
40%
9 Hockey Gordie Howe
39%
4 Baseball Lou Gehrig
37%
13 Basketball Wilt Chamberlain
37%
80 Football Jerry Rice
36%
50 Basketball David Robinson
35%
22 Football Emmitt Smith
35%
42 Baseball Jackie Robinson
35%
16 Football Joe Montana
35%
66 Hockey Mario Lemieux
33%
20 Football Barry Sanders
32%
0 Basketball Russell Westbrook
29%
25 Baseball Barry Bonds
28%
7 Baseball Mickey Mantle
28%
5 Baseball Joe DiMaggio
27%
14 Baseball Pete Rose
27%
84 Football Randy Moss
27%
35 Basketball Kevin Durant
25%
56 Football Lawrence Taylor
24%
92 Football Reggie White
24%
68 Hockey Jaromir Jagr
21%
24 Baseball Willie Mays
21%
97 Hockey Connor McDavid
20%
2 Basketball Moses Malone
20%
41 Basketball Dirk Nowitzki
19%
44 Baseball Hank Aaron
19%
1 Basketball Oscar Robertson
19%
71 Hockey Evgeni Malkin
17%
81 Football Terrell Owens
17%
21 Basketball Tim Duncan
17%
88 Hockey Eric Lindros
16%
11 Hockey Mark Messier
16%
52 Football Ray Lewis
16%
59 Football Jack Ham
15%
43 Racing Richard Petty
15%
40 Football Gale Sayers
13%
75 Football Joe Greene
13%
27 Baseball Mike Trout
13%
45 Baseball Pedro Martinez
13%
15 Football Bart Starr
12%
54 Football Brian Urlacher
12%
61 Hockey Rick Nash
12%
69 Football Jared Allen
11%
00 Football Jim Otto
11%
73 Football Larry Allen
11%
28 Football Marshall Faulk
11%
39 Hockey Dominik Hasek
9%
78 Football Anthony Muñoz
7%
31 Baseball Greg Maddux
7%
91 Hockey Sergei Federov
7%
26 Baseball Wade Boggs
7%
89 Football Mike Ditka
5%
85 Football Antonio Gates
4%
74 Football Bruce Matthews
4%
37 Football Doak Walker
4%
53 Baseball Don Drysdale
4%
77 Hockey Ray Borque
4%
29 Baseball Satchel Paige
4%
72 Baseball Carlton Fisk
3%
63 Football Gene Upshaw
3%
93 Football John Randle
3%
90 Football Julius Peppers
3%
47 Football Mel Blount
3%
60 Football Otto Graham
3%
82 Football Raymond Berry
3%
83 Football Ted Hendricks
3%
19 Baseball Tony Gwynn
3%
67 Football Bob Kuechenberg
1%
79 Football Bob St. Clair
1%
36 Baseball Gaylord Perry
1%
86 Football Hines Ward
1%
58 Football Jack Lambert
1%
62 Football Jim Langer
1%
57 Baseball Johan Santana
1%
38 Hockey Pavol Demitra
1%
95 Football Richard Dent
1%
49 Baseball Ron Guidry
1%
96 Football Cortez Kennedy
0%
94 Football DeMarcus Ware
0%
65 Football Elvin Bethea
0%
64 Football Jerry Kramer
0%
55 Hockey Larry Murphy
0%
76 Football Lou Groza
0%
70 Football Rayfield Wright
0%
98 Football Robert Mathis
0%
46 Football Todd Christensen
0%
No matching quizzes found
Score Distribution
Percent of People with Each Score
Percentile by Number Answered
Your Score History
You have not taken this quiz